Inequality and growth: patterns and policy
Salvato in:
| Altri autori: | , |
|---|---|
| Natura: | Libro |
| Lingua: | inglese |
| Pubblicazione: |
New York
Palgrave Macmillan
2016
|
| Serie: | International Economics Association
156-I |
| Soggetti: | |
| Tags: |
Nessun Tag, puoi essere il primo ad aggiungerne!!
|
MARC
| LEADER | 00000nam a2200000 4500 | ||
|---|---|---|---|
| 001 | 0235907 | ||
| 005 | 20240314123035.7 | ||
| 020 | |a 978-1-137-55452-9 | ||
| 020 | |a 978-0-3337-1242-9 | ||
| 041 | 0 | |a eng | |
| 044 | |a US | ||
| 245 | 1 | 0 | |a Inequality and growth: patterns and policy |c edited by: Kaushik Basu, Joseph E. Stiglitz |
| 264 | 1 | |a New York |b Palgrave Macmillan |c 2016 | |
| 300 | |a xxix, 256 s. | ||
| 490 | 1 | |a International Economics Association |v 156-I | |
| 830 | 0 | |a International Economics Association |v 156-I | |
| 610 | 2 | 0 | |a nerovnosť |
| 610 | 2 | 0 | |a nerovnosť príjmová |
| 610 | 2 | 0 | |a nerovnosť dôchodková |
| 610 | 2 | 0 | |a rast hospodársky |
| 610 | 2 | 0 | |a rozvoj hospodársky |
| 610 | 2 | 0 | |a podmienky hospodárske |
| 610 | 2 | 0 | |a ekonómia behaviorálna |
| 610 | 2 | 0 | |a vylúčenie sociálne |
| 610 | 2 | 0 | |a nerovnosť sociálna |
| 610 | 2 | 0 | |a redistribúcia |
| 610 | 2 | 0 | |a politika fiškálna |
| 610 | 2 | 0 | |a blahobyt |
| 700 | 1 | |a Basu, Kaushik | |
| 700 | 1 | |a Stiglitz, Joseph E. | |